| 000 | 00682nam a2200229 u 4500 | ||
|---|---|---|---|
| 005 | 20240314145434.0 | ||
| 008 | 170511s2013 mx r 000 0 spa d | ||
| 020 | _a9786077749936 (CIDCLI) | ||
| 020 | _a9786075162997 (CONACULTA) | ||
| 035 | _aUPN01000217626 | ||
| 049 | _aI | ||
| 050 | 4 |
_aPQ7298.1 G6.7 _bD4.2 |
|
| 100 | 1 |
_aAguirre, Eugenio, _d1944- _930119 |
|
| 245 | 1 | 4 |
_aLos dedos / _cEugenio Aguirre ; il. Daniel Montero Galán. |
| 260 |
_aMéxico : _bCIDCLI : _bCONACULTA, _c2013. |
||
| 300 |
_a40 p. : _bil. col. |
||
| 440 | 0 | _aDelta 3 | |
| 650 | 4 |
_aCuentos infantiles _96744 |
|
| 650 | 4 |
_aDedos _vLiteratura infantil _925841 |
|
| 905 | _aInfantil | ||
| 999 |
_c189726 _d189726 |
||